| Tag |
First Indicator |
Second Indicator |
Subfields |
| LEADER |
00000cam a2200000 a 4500 |
| 001 |
in00001387331 |
| 005 |
20151020050245.0 |
| 008 |
970418s1997 caua b 001 0 eng |
| 010 |
|
|
|a 97004854
|
| 020 |
|
|
|a 0761904638 (acid-free paper)
|
| 020 |
|
|
|a 0761904646 (pkb. : acid-free paper)
|
| 035 |
|
|
|a (OCoLC)36806875
|
| 035 |
|
|
|9 AHL2954AM
|
| 040 |
|
|
|a DLC
|c DLC
|d TXA
|d UtOrBLW
|
| 049 |
|
|
|a TXAM
|
| 050 |
0 |
0 |
|a HD6072.5
|b .M66 1997
|
| 082 |
0 |
0 |
|a 658.4/21/082
|2 21
|
| 100 |
1 |
|
|a Moore, Dorothy P.
|
| 245 |
1 |
0 |
|a Women entrepreneurs :
|b moving beyond the glass ceiling /
|c Dorothy P. Moore, E. Holly Buttner.
|
| 264 |
|
1 |
|a Thousand Oaks :
|b Sage Publications,
|c [1997]
|
| 264 |
|
4 |
|c ©1997
|
| 300 |
|
|
|a xviii, 262 pages :
|b illustrations ;
|c 24 cm.
|
| 336 |
|
|
|a text
|b txt
|2 rdacontent
|
| 337 |
|
|
|a unmediated
|b n
|2 rdamedia
|
| 338 |
|
|
|a volume
|b nc
|2 rdacarrier
|
| 504 |
|
|
|a Includes bibliographical references (pages 229-244) and indexes.
|
| 650 |
|
0 |
|a Self-employed women.
|
| 650 |
|
0 |
|a Business women.
|
| 650 |
|
0 |
|a Entrepreneurship.
|
| 700 |
1 |
|
|a Buttner, E. Holly.
|
| 999 |
|
|
|a MARS
|
| 999 |
f |
f |
|s ca05d118-c54b-3865-9c8d-be3bc86996f8
|i 88e9168a-7ad4-3924-932f-2c21db13365f
|t 0
|
| 952 |
f |
f |
|p ric
|a Texas A&M University
|b Rellis Campus
|c Joint Library Facility
|d Remote Storage
|t 0
|e HD6072.5 .M66 1997
|h Library of Congress classification
|i unmediated -- volume
|m A14821501848
|
| 998 |
f |
f |
|a HD6072.5 .M66 1997
|t 0
|l Remote Storage
|